[Event "Bronshoj Lang Weekend 2012"]
[Site "Bronshoj"]
[Date "2012.02.11"]
[Round "3"]
[White "Rostgaard, Tobias Valentin"]
[Black "Pedersen, Jan Nordenbaek"]
[Result "0-1"]
[WhiteElo "2189"]
[BlackElo "2225"]
[PlyCount "112"]
[EventDate "2012.??.??"]
[EventCountry "DEN"]

1. d4 d5 2. c4 e6 3. Nf3 c5 4. cxd5 exd5 5. g3 Nc6 6. Bg2 Nf6 7. O-O c4 8. b3
cxb3 9. Qxb3 Be7 10. Ba3 O-O 11. Bxe7 Qxe7 12. Nc3 Rd8 13. Rfc1 Bf5 14. e3 h6
15. Nh4 Be6 16. Rab1 Rab8 17. a4 Na5 18. Qa2 Rbc8 19. Nf3 Ne4 20. Qa1 Nc4 21.
Nxe4 dxe4 22. Ne5 Nd2 23. Rxc8 Rxc8 24. Rc1 Rxc1+ 25. Qxc1 Qb4 26. h3 Kh7 27.
Qc2 Bd5 28. Qc8 Qb1+ 29. Kh2 Be6 30. Qc3 Nf1+ 31. Bxf1 Qxf1 32. Qc2 Qxh3+ 33.
Kg1 Bd5 34. Nf3 Qe6 35. Nd2 b6 36. f3 f5 37. g4 Qg6 38. Kf2 fxg4 39. fxe4 Bf7
40. Qc7 Qh5 41. d5 Bg6 42. Qf4 Qh4+ 43. Kg2 Qh3+ 44. Kf2 Qh4+ 45. Kg2 Qe1 46.
Nf1 Qe2+ 47. Kg1 Qc4 48. d6 Qxa4 49. Qxg4 h5 50. Qe6 Qe8 51. Qd5 Bxe4 52. Qg5
Bc6 53. Ng3 a5 54. Qf4 a4 55. Qd4 Qg6 56. Qf4 a3 0-1

[Event "Bronshoj Lang Weekend 2012"]
[Site "Bronshoj"]
[Date "2012.02.11"]
[Round "3"]
[White "Willerup, Martin Kisby"]
[Black "Eriksson, Christian Altenburg"]
[Result "0-1"]
[WhiteElo "1976"]
[BlackElo "2139"]
[PlyCount "66"]
[EventDate "2012.??.??"]
[EventCountry "DEN"]

1. d4 d5 2. c4 dxc4 3. Nf3 Nf6 4. Nc3 a6 5. a4 Nc6 6. d5 Na5 7. e4 e6 8. Bg5 h6
9. Bh4 g5 10. Bg3 exd5 11. exd5 Bd6 12. Qd4 Qe7+ 13. Qe3 Qxe3+ 14. fxe3 Bf5 15.
Ne5 Nb3 16. Ra2 Nh5 17. Nxc4 Bxg3+ 18. hxg3 Nxg3 19. Rg1 Nxf1 20. Rxf1 Bd3 21.
Rxf7 Bxc4 22. Rxc7 Na5 23. Ra1 O-O 24. Ne2 Bxd5 25. Rd1 Bc6 26. Rd6 Rf7 27.
Rxf7 Kxf7 28. Rxh6 Nc4 29. g3 Nxe3 30. Nd4 Kg7 31. Rh2 Re8 32. Nxc6 bxc6 33.
Rh1 Nc4+ 0-1

[Event "Bronshoj Lang Weekend 2012"]
[Site "Bronshoj"]
[Date "2012.02.12"]
[Round "4"]
[White "Ananthan, Arunn"]
[Black "Larsen, Tor Ketil"]
[Result "0-1"]
[WhiteElo "1586"]
[BlackElo "1968"]
[PlyCount "58"]
[EventDate "2012.??.??"]
[EventCountry "DEN"]

1. e4 d6 2. d4 Nf6 3. Nc3 g6 4. Nf3 Bg7 5. h3 c6 6. Bg5 h6 7. Bh4 b5 8. a3 Qb6
9. Be2 a5 10. d5 Bb7 11. O-O Nbd7 12. dxc6 Bxc6 13. Nd4 Nxe4 14. Nxc6 Bxc3 15.
Qd5 Nef6 16. Qxb5 Qxb5 17. Bxb5 Bxb2 18. Rae1 e6 19. Re3 Nd5 20. Rb3 Bf6 21.
Bg3 a4 22. Rd3 Nc3 23. Bc4 d5 24. Bxd5 Nxd5 25. Rxd5 exd5 26. Bd6 Bc3 27. Rd1
Ra6 28. Bb4 Rxc6 29. Bxc3 Rxc3 0-1

[Event "Bronshoj Lang Weekend 2012"]
[Site "Bronshoj"]
[Date "2012.02.12"]
[Round "4"]
[White "Andersen, Daniel"]
[Black "Jorgensen, Mikkel"]
[Result "1/2-1/2"]
[WhiteElo "1823"]
[BlackElo "1712"]
[PlyCount "62"]
[EventDate "2012.??.??"]
[EventCountry "DEN"]

1. c4 d6 2. d4 Nd7 3. Nc3 Ngf6 4. e4 e5 5. f3 Be7 6. Nge2 O-O 7. Be3 c6 8. g4
exd4 9. Nxd4 Ne5 10. Be2 Ne8 11. f4 Ng6 12. Qd2 Bh4+ 13. Kd1 Bf6 14. Kc2 Bxd4
15. Bxd4 Nc7 16. Rad1 Qe7 17. Bf2 Rd8 18. Bc5 Ne8 19. Bf2 Nc7 20. h4 f6 21. h5
Nh8 22. Bh4 Ne8 23. e5 dxe5 24. Qe3 Rxd1 25. Rxd1 Nf7 26. g5 Bf5+ 27. Kc1 Qe6
28. gxf6 Nxf6 29. Rg1 Kf8 30. Qg3 exf4 31. Qxf4 Qe5 1/2-1/2

[Event "Bronshoj Lang Weekend 2012"]
[Site "Bronshoj"]
[Date "2012.02.12"]
[Round "4"]
[White "Andersen, Soren Mikkel"]
[Black "Harestad, Hans Krogh"]
[Result "0-1"]
[WhiteElo "2021"]
[BlackElo "2265"]
[PlyCount "72"]
[EventDate "2012.??.??"]
[EventCountry "DEN"]

1. d4 d5 2. c4 c6 3. Nf3 Nf6 4. Nc3 dxc4 5. a4 Bf5 6. Ne5 Nbd7 7. Nxc4 Nb6 8.
Ne5 a5 9. f3 Nfd7 10. Nxd7 Nxd7 11. e4 Bg6 12. Be3 Qb6 13. Qd2 e5 14. dxe5 Bc5
15. Bxc5 Qxc5 16. e6 fxe6 17. Rd1 O-O-O 18. Qf2 e5 19. Qxc5 Nxc5 20. Bc4 Rd4
21. b3 Rhd8 22. Ke2 Kc7 23. g3 Bh5 24. Ke3 Nxa4 25. bxa4 Rxc4 26. Rxd8 Kxd8 27.
Rd1+ Ke7 28. Rd3 Rb4 29. f4 Bf7 30. fxe5 Bb3 31. Rd4 Bc2 32. h4 h5 33. Rd6 Rc4
34. Kd2 Bxe4 35. Nxe4 Rxe4 36. Rg6 Rg4 0-1

[Event "Bronshoj Lang Weekend 2012"]
[Site "Bronshoj"]
[Date "2012.02.12"]
[Round "4"]
[White "Borbjerggaard, Lars"]
[Black "Frisk, Hans"]
[Result "1-0"]
[WhiteElo "2305"]
[BlackElo "2058"]
[PlyCount "53"]
[EventDate "2012.??.??"]
[EventCountry "DEN"]

1. d4 d5 2. c4 dxc4 3. e3 e5 4. Bxc4 exd4 5. exd4 Nf6 6. Nf3 Bd6 7. O-O O-O 8.
h3 h6 9. Nc3 Nc6 10. Re1 Bf5 11. d5 Ne7 12. Nd4 Bg6 13. Qf3 a6 14. a3 Qd7 15.
Bxh6 Bh5 16. g4 Nxg4 17. hxg4 Bxg4 18. Qg2 Ng6 19. Re6 Bxe6 20. dxe6 Bh2+ 21.
Qxh2 Qxd4 22. exf7+ Rxf7 23. Bxf7+ Kxf7 24. Be3 Qc4 25. Rd1 Rh8 26. Qg2 c6 27.
Rd7+ 1-0

[Event "Bronshoj Lang Weekend 2012"]
[Site "Bronshoj"]
[Date "2012.02.12"]
[Round "4"]
[White "Carstensen, Jacob"]
[Black "Pedersen, Henrik Bolding"]
[Result "1-0"]
[WhiteElo "2278"]
[BlackElo "2068"]
[PlyCount "77"]
[EventDate "2012.??.??"]
[EventCountry "DEN"]

1. d4 Nf6 2. c4 e6 3. Nf3 Bb4+ 4. Bd2 a5 5. g3 b6 6. Bg2 Bb7 7. O-O O-O 8. Nc3
Bxc3 9. Bxc3 Ne4 10. Rc1 d6 11. Be1 Ra7 12. h4 Nd7 13. Nh2 f5 14. f3 Nef6 15.
Bf2 Qe7 16. Qc2 Nh5 17. Rfd1 Raa8 18. Nf1 Rf7 19. c5 Ba6 20. cxd6 cxd6 21. Qd2
d5 22. Rc6 Bb5 23. Rc7 Qd6 24. Rdc1 Bc4 25. R7xc4 dxc4 26. Rxc4 b5 27. Rc2 Nhf6
28. Qc1 Nd5 29. a3 Nf8 30. e4 Nb6 31. Rc6 Qd8 32. d5 Nc4 33. dxe6 Rf6 34. exf5
Rxf5 35. f4 Rb8 36. b3 Nb6 37. Bxb6 Rxb6 38. e7 Qd4+ 39. Qe3 1-0

[Event "Bronshoj Lang Weekend 2012"]
[Site "Bronshoj"]
[Date "2012.02.12"]
[Round "4"]
[White "Eriksson, Christian Altenburg"]
[Black "Christensen, Esben"]
[Result "1-0"]
[WhiteElo "2139"]
[BlackElo "1996"]
[PlyCount "157"]
[EventDate "2012.??.??"]
[EventCountry "DEN"]

1. e4 c5 2. c3 g6 3. d4 cxd4 4. cxd4 d5 5. e5 Bg7 6. Nc3 a6 7. f4 Nc6 8. h3 h5
9. Nf3 Nh6 10. Be3 Bf5 11. Be2 Rc8 12. Qb3 Na5 13. Qxd5 Qb6 14. Na4 Qb4+ 15.
Bd2 Qxa4 16. Qxa5 Qxa5 17. Bxa5 Be4 18. Bc3 Nf5 19. Kf2 h4 20. Ng5 Ng3 21. Rhe1
f6 22. Ne6 Bh6 23. exf6 exf6 24. Nc5 Kf8 25. Bf3 Bxf3 26. Kxf3 Rh7 27. Re6 Nh5
28. Bd2 Rd8 29. Rb6 Rd5 30. Rc1 Re7 31. Nxb7 Rxd4 32. Rd6 Rxd2 33. Rxd2 Rxb7
34. Rc4 Kf7 35. b3 Ng7 36. Rd6 a5 37. Ra6 Rd7 38. Rxa5 Ne6 39. Raa4 Bf8 40. f5
Nc5 41. fxg6+ Kxg6 42. Ra8 Ne6 43. Rg4+ Kf7 44. Rxh4 Bc5 45. Rh7+ Ng7 46. Ra5
Bb4 47. Rb5 Bc3 48. Rc5 Bd4 49. Rc4 Kg6 50. Rh4 Be5 51. Rhg4+ Kf7 52. Rh4 Rd3+
53. Ke2 Rg3 54. Rhg4 Nf5 55. Rxg3 Nxg3+ 56. Kf2 Ke6 57. a4 Kd5 58. Rc8 Ne4+ 59.
Ke3 Nc5 60. a5 Nxb3 61. a6 Bd4+ 62. Kf4 Ke6 63. Kg4 f5+ 64. Kh5 Ke7 65. Rc4 Ba7
66. Kg6 Nd4 67. h4 f4 68. h5 f3 69. gxf3 Nxf3 70. Rb4 Ne5+ 71. Kg7 Ke6 72. Rb7
Bd4 73. Kg8 Nd7 74. Kh7 Nf8+ 75. Kh6 Be3+ 76. Kg7 Nd7 77. Rb5 Nf6 78. Kg6 Nd5
79. Rxd5 1-0

[Event "Bronshoj Lang Weekend 2012"]
[Site "Bronshoj"]
[Date "2012.02.12"]
[Round "4"]
[White "Hansen, Rasmus Agertoft"]
[Black "Jensen, Simon Stibolt"]
[Result "1/2-1/2"]
[WhiteElo "1818"]
[BlackElo "1423"]
[PlyCount "84"]
[EventDate "2012.??.??"]
[EventCountry "DEN"]

1. e4 e5 2. Nf3 Nc6 3. Bb5 Nf6 4. O-O Be7 5. Re1 d6 6. h3 O-O 7. c3 a6 8. Ba4
b5 9. Bc2 Bb7 10. d3 Qd7 11. Nbd2 Rad8 12. Nf1 Rfe8 13. Ng3 Bf8 14. Bg5 Be7 15.
Nf5 h6 16. Bh4 d5 17. Qc1 dxe4 18. dxe4 Nh7 19. Bb3 Bxh4 20. N3xh4 Na5 21. Bc2
Ng5 22. Nxg7 Kxg7 23. Nf5+ Kh7 24. h4 Nf3+ 25. gxf3 Qe6 26. Kg2 Rg8+ 27. Ng3
Qf6 28. a4 Nc6 29. axb5 axb5 30. Qe3 Qxh4 31. Rad1 Bc8 32. Rh1 Qf4 33. Qc5 Rxd1
34. Bxd1 Qf6 35. Qxb5 Ne7 36. Qc5 Ng6 37. Kf1 Ba6+ 38. c4 Nh4 39. Qe3 Bxc4+ 40.
Be2 Bxe2+ 41. Kxe2 Ng2 42. Qa3 Nf4+ 1/2-1/2

[Event "Bronshoj Lang Weekend 2012"]
[Site "Bronshoj"]
[Date "2012.02.12"]
[Round "4"]
[White "Haubro, Sigfred"]
[Black "Christiansen, Johan Sebastian"]
[Result "1-0"]
[WhiteElo "2105"]
[BlackElo "1967"]
[PlyCount "85"]
[EventDate "2012.??.??"]
[EventCountry "DEN"]

1. b4 e6 2. Bb2 Nf6 3. a3 c5 4. bxc5 Bxc5 5. e3 Nc6 6. Nf3 O-O 7. Be2 d5 8. O-O
a6 9. d4 Bd6 10. Nbd2 Ne7 11. c4 Ng6 12. Bd3 Bb8 13. Rc1 Qd6 14. g3 Ng4 15.
Bxg6 hxg6 16. Ne5 Nf6 17. Qe2 Qb6 18. Bc3 Bxe5 19. dxe5 Nd7 20. Qg4 Re8 21. Nf3
Nf8 22. h4 dxc4 23. Ng5 Nh7 24. Rcd1 Qb3 25. Bb4 Qc2 26. Nxh7 Kxh7 27. e4 a5
28. Bc5 b6 29. Bxb6 Bb7 30. Rfe1 Ra6 31. Bc7 Rc6 32. Rd7 Qc3 33. Red1 Rc8 34.
Bd6 Rb6 35. Rxf7 Qc2 36. Rf4 Rb2 37. Rf1 Qe2 38. Qxe6 Rg8 39. h5 gxh5 40. Qf5+
Kh6 41. Be7 g6 42. Qf7 Rh8 43. Bf6 1-0

[Event "Bronshoj Lang Weekend 2012"]
[Site "Bronshoj"]
[Date "2012.02.12"]
[Round "4"]
[White "Jacobsen, Mads Holger Bang"]
[Black "Rostgaard, Tobias Valentin"]
[Result "0-1"]
[WhiteElo "1999"]
[BlackElo "2189"]
[PlyCount "112"]
[EventDate "2012.??.??"]
[EventCountry "DEN"]

1. d4 d5 2. c4 c6 3. Nf3 Nf6 4. Qc2 g6 5. Bf4 Bg7 6. e3 O-O 7. Nc3 Bf5 8. Qb3
Qb6 9. h3 Na6 10. c5 Qxb3 11. axb3 Nb4 12. Ra4 Nd3+ 13. Bxd3 Bxd3 14. Kd2 Be4
15. Ne1 Nd7 16. f3 Bf5 17. g4 Be6 18. Nd3 f6 19. Re1 Bf7 20. Bg3 e5 21. Bf2
Rfe8 22. b4 a6 23. f4 e4 24. Nc1 Be6 25. Nb3 h5 26. Rg1 Kf7 27. Raa1 Rh8 28.
Rg2 hxg4 29. hxg4 Rab8 30. Rag1 Bf8 31. Ra1 Be7 32. Kc2 Bd8 33. Kd2 Bc7 34. Na5
Rh3 35. Rag1 Nf8 36. Ra1 Bd7 37. Nb3 Ne6 38. Kc2 Rbh8 39. Rag1 Rh2 40. Ne2 Ng7
41. Kd2 Bxg4 42. Rxg4 Rxf2 43. Rxg6 Nf5 44. Nbc1 a5 45. b3 axb4 46. R6g4 b6 47.
cxb6 Bxb6 48. Na2 Rhh2 49. Nac1 c5 50. Rg8 cxd4 51. Rb8 dxe3+ 52. Ke1 Bc5 53.
Rb5 Be7 54. Rxd5 Nh4 55. Nd4 Rd2 56. Nce2 Rhxe2+ 0-1

[Event "Bronshoj Lang Weekend 2012"]
[Site "Bronshoj"]
[Date "2012.02.12"]
[Round "4"]
[White "Kirknel, Thomas"]
[Black "Andreasen, Per Naesby"]
[Result "1/2-1/2"]
[WhiteElo "2135"]
[BlackElo "2239"]
[PlyCount "40"]
[EventDate "2012.??.??"]
[EventCountry "DEN"]

1. e4 g6 2. d4 Bg7 3. Nc3 d6 4. Nf3 a6 5. Be2 b5 6. O-O Bb7 7. a4 b4 8. Na2
Bxe4 9. Nxb4 Nf6 10. c4 a5 11. Na2 Na6 12. Nc3 Bb7 13. d5 c6 14. dxc6 Bxc6 15.
Nd4 Bb7 16. Bf3 Qd7 17. Ncb5 O-O 18. Nb3 Nb4 19. Bd2 Bxf3 20. Qxf3 Nc6 1/2-1/2

[Event "Bronshoj Lang Weekend 2012"]
[Site "Bronshoj"]
[Date "2012.02.12"]
[Round "4"]
[White "Mikkelsen, Nikolaj"]
[Black "Strange, Mikkel"]
[Result "1-0"]
[WhiteElo "2402"]
[BlackElo "2314"]
[PlyCount "45"]
[EventDate "2012.??.??"]
[EventCountry "DEN"]

1. e4 e6 2. d4 d5 3. Nc3 Bb4 4. Nge2 dxe4 5. a3 Be7 6. g4 e5 7. h3 h5 8. Rg1
hxg4 9. hxg4 Rh4 10. g5 Bg4 11. Nxe4 Nc6 12. Rxg4 Rxg4 13. N2g3 Rh4 14. d5 Nd4
15. c3 Qxd5 16. Bg2 O-O-O 17. cxd4 f5 18. Nd6+ Qxd6 19. Nxf5 Qa6 20. Nxh4 Bb4+
21. Bd2 Bxd2+ 22. Qxd2 Rxd4 23. Qc2 1-0

[Event "Bronshoj Lang Weekend 2012"]
[Site "Bronshoj"]
[Date "2012.02.12"]
[Round "4"]
[White "Moller, Arne Vagn"]
[Black "Langmyhr, Tore"]
[Result "0-1"]
[WhiteElo "1767"]
[BlackElo "1923"]
[PlyCount "88"]
[EventDate "2012.??.??"]
[EventCountry "DEN"]

1. e4 d5 2. exd5 Nf6 3. d4 Nxd5 4. c4 Nb6 5. Nc3 e5 6. Be3 exd4 7. Qxd4 Qxd4 8.
Bxd4 Nc6 9. Nf3 Bg4 10. Be3 Bb4 11. a3 Bxc3+ 12. bxc3 O-O 13. Nd4 Ne5 14. h3
Bh5 15. Rb1 Bg6 16. Rb3 Nexc4 17. Bxc4 Nxc4 18. Rxb7 Nxe3 19. fxe3 c5 20. Ne2
Rfb8 21. Rxb8+ Rxb8 22. O-O Bd3 23. Re1 g5 24. Ng3 Rb3 25. Rc1 Rxa3 26. Kf2 f5
27. Kf3 a5 28. e4 f4 29. Nf5 a4 30. Kg4 Bxe4 31. Kxg5 Bxg2 32. Rd1 Rb3 33. Rd8+
Kf7 34. Rd7+ Ke6 35. Re7+ Kd5 36. Kxf4 Bxh3 37. Ne3+ Kc6 38. Rxh7 Bd7 39. Rh6+
Kb5 40. Rd6 Bc8 41. Rd8 Bb7 42. Rb8 Ka6 43. c4 a3 44. Rh8 Rxe3 0-1

[Event "Bronshoj Lang Weekend 2012"]
[Site "Bronshoj"]
[Date "2012.02.12"]
[Round "4"]
[White "Nielsen, Steen Gregers"]
[Black "Nguyen, Giang Thu"]
[Result "1/2-1/2"]
[WhiteElo "1688"]
[BlackElo "2118"]
[PlyCount "43"]
[EventDate "2012.??.??"]
[EventCountry "DEN"]

1. e4 Nf6 2. e5 Nd5 3. d4 d6 4. c4 Nb6 5. exd6 exd6 6. Nc3 Be7 7. Be3 Nc6 8. b3
O-O 9. Rc1 f5 10. g3 Re8 11. Nge2 Bg5 12. Bxg5 Qxg5 13. Bg2 Nxd4 14. O-O Nxe2+
15. Nxe2 Nd7 16. Nf4 Ne5 17. Re1 Qd8 18. Qd5+ Nf7 19. Ne6 Bxe6 20. Rxe6 Rxe6
21. Qxe6 Qc8 22. Qxc8+ 1/2-1/2

[Event "Bronshoj Lang Weekend 2012"]
[Site "Bronshoj"]
[Date "2012.02.12"]
[Round "4"]
[White "Ohayv, Nikolaj"]
[Black "Willerup, Martin Kisby"]
[Result "0-1"]
[WhiteElo "1799"]
[BlackElo "1976"]
[PlyCount "112"]
[EventDate "2012.??.??"]
[EventCountry "DEN"]

1. e4 e6 2. d4 d5 3. Nc3 Nf6 4. e5 Nfd7 5. Nce2 c5 6. c3 Nc6 7. a3 Be7 8. f4 b6
9. Nf3 Ba6 10. Ng3 Bxf1 11. Rxf1 Bh4 12. Kf2 cxd4 13. cxd4 O-O 14. Nxh4 Qxh4
15. Kg1 Rac8 16. b4 b5 17. Be3 g6 18. f5 gxf5 19. Rf4 Qg5 20. Qf3 Ndxe5 21.
dxe5 Nxe5 22. Qe2 Ng4 23. h3 Nxe3 24. Qxe3 Rc4 25. Raf1 Rfc8 26. Ne2 Rxf4 27.
Nxf4 Rc4 28. Nxd5 Qxe3+ 29. Nxe3 Rc3 30. Nxf5 exf5 31. Rxf5 a6 32. Rf3 Rxf3 33.
gxf3 Kg7 34. Kf2 Kf6 35. f4 Ke6 36. Ke3 Kd5 37. Kd3 f5 38. h4 h5 39. Ke3 Kc4
40. Kd2 Kb3 41. Kd3 Kxa3 42. Kc3 Ka4 43. Kd4 Kxb4 44. Ke5 a5 45. Kxf5 a4 46.
Kg6 a3 47. f5 a2 48. f6 a1=Q 49. Kg7 Kc5 50. Kf7 b4 51. Ke7 Kd5 52. Kf7 b3 53.
Kg7 b2 54. Kf7 b1=Q 55. Kg8 Qg6+ 56. Kf8 Qaxf6# 0-1

[Event "Bronshoj Lang Weekend 2012"]
[Site "Bronshoj"]
[Date "2012.02.12"]
[Round "4"]
[White "Palm, Nikolaj"]
[Black "Pedersen, Jan Nordenbaek"]
[Result "1/2-1/2"]
[WhiteElo "2217"]
[BlackElo "2225"]
[PlyCount "26"]
[EventDate "2012.??.??"]
[EventCountry "DEN"]

1. d4 d5 2. c4 e6 3. Nf3 c5 4. cxd5 exd5 5. Nc3 Nc6 6. g3 Nf6 7. Bg2 Be7 8. O-O
O-O 9. b3 h6 10. Bb2 Re8 11. Rc1 Bg4 12. dxc5 Bxc5 13. Nb5 Ne4 1/2-1/2

[Event "Bronshoj Lang Weekend 2012"]
[Site "Bronshoj"]
[Date "2012.02.12"]
[Round "4"]
[White "Pedersen, Steffen"]
[Black "Bromann, Thorbjorn"]
[Result "1/2-1/2"]
[WhiteElo "2427"]
[BlackElo "2370"]
[PlyCount "82"]
[EventDate "2012.??.??"]
[EventCountry "DEN"]

1. d4 e6 2. Nf3 f5 3. c4 Nf6 4. Nc3 Bb4 5. Qb3 Qe7 6. a3 Bxc3+ 7. Qxc3 b6 8. e3
Bb7 9. Be2 O-O 10. b4 d6 11. Bb2 Ne4 12. Qb3 Nd7 13. Rd1 f4 14. O-O a5 15. exf4
axb4 16. axb4 Rxf4 17. Qe3 Rff8 18. Bd3 d5 19. c5 Ra4 20. Rb1 bxc5 21. dxc5 Ba6
22. Nd4 Bxd3 23. Qxd3 Ne5 24. Qb3 Raa8 25. Rbd1 Nc4 26. Bc1 Qf6 27. Qh3 Rae8
28. Ne2 Nb2 29. Bxb2 Qxb2 30. Qe3 Qxb4 31. f3 Qxc5 32. Qxc5 Nxc5 33. Rc1 Nd3
34. Rxc7 Rc8 35. Ra7 Rf7 36. Ra6 e5 37. Rd1 e4 38. fxe4 dxe4 39. Ng3 e3 40. Re6
Nf4 41. Rxe3 h6 1/2-1/2

[Event "Bronshoj Lang Weekend 2012"]
[Site "Bronshoj"]
[Date "2012.02.12"]
[Round "4"]
[White "Petersen, Steen Brustrup"]
[Black "Stojanovski, Sandi"]
[Result "0-1"]
[WhiteElo "2111"]
[BlackElo "2179"]
[PlyCount "82"]
[EventDate "2012.??.??"]
[EventCountry "DEN"]

1. e4 c5 2. Nf3 e6 3. d3 d5 4. Nbd2 Nc6 5. g3 Nge7 6. c3 g6 7. d4 cxd4 8. cxd4
dxe4 9. Nxe4 Nd5 10. Bg2 Bg7 11. O-O O-O 12. Nc3 Nce7 13. Qd3 b6 14. Bg5 Nxc3
15. bxc3 Bb7 16. Rfd1 Rc8 17. a4 h6 18. Bxe7 Qxe7 19. a5 Qd6 20. axb6 axb6 21.
Qe3 Rc7 22. Rdb1 Rfc8 23. Rb3 Bd5 24. Rba3 Bf8 25. c4 Rxc4 26. Ne5 R4c7 27.
Bxd5 Qxd5 28. Ra7 Bg7 29. Qf4 g5 30. Qe3 Rc3 31. Qe1 Bxe5 32. dxe5 R8c5 33. Rd1
Qxe5 34. Qxe5 Rxe5 35. Rb7 b5 36. Rd8+ Kg7 37. Rbb8 h5 38. h3 Rc2 39. Rd3 Rf5
40. f4 gxf4 41. gxf4 h4 0-1

[Event "Bronshoj Lang Weekend 2012"]
[Site "Bronshoj"]
[Date "2012.02.12"]
[Round "4"]
[White "Rhee, Alexander Kasper"]
[Black "Nohr, Finn"]
[Result "1/2-1/2"]
[WhiteElo "2149"]
[BlackElo "2081"]
[PlyCount "111"]
[EventDate "2012.??.??"]
[EventCountry "DEN"]

1. c4 e5 2. Nc3 c6 3. d4 exd4 4. Qxd4 Na6 5. Nf3 Qf6 6. Bf4 Qxd4 7. Nxd4 Nf6 8.
a3 Nc5 9. f3 Ne6 10. Nxe6 fxe6 11. e4 Nh5 12. Bc7 Be7 13. g4 Nf6 14. e5 Ng8 15.
h4 Nh6 16. Ne4 O-O 17. Ke2 b6 18. Ke3 Nf7 19. Rd1 Bd8 20. Bxd8 Rxd8 21. f4 c5
22. Nd6 Nxd6 23. Rxd6 Bb7 24. Rh2 Bc6 25. h5 Rf8 26. Bg2 Bxg2 27. Rxg2 Rf7 28.
Ke4 Raf8 29. f5 h6 30. fxe6 Rf4+ 31. Ke3 dxe6 32. g5 Rf3+ 33. Ke2 Rb3 34. gxh6
Rxb2+ 35. Rd2 Rxd2+ 36. Kxd2 Rf5 37. Rxg7+ Kh8 38. Rxa7 Rxh5 39. Rb7 Rxe5 40.
Rxb6 Kh7 41. Rb1 Re4 42. Kd3 Rh4 43. Re1 Rh3+ 44. Re3 Rxh6 45. a4 Kg7 46. Re5
Rh3+ 47. Re3 Rh6 48. Ke4 Kf7 49. a5 Rh4+ 50. Ke5 Ke7 51. Rg3 Rh5+ 52. Ke4 Rh1
53. Ra3 Rh4+ 54. Ke5 Rh5+ 55. Ke4 Rh4+ 56. Ke5 1/2-1/2

[Event "Bronshoj Lang Weekend 2012"]
[Site "Bronshoj"]
[Date "2012.02.12"]
[Round "4"]
[White "Rimestad, Arild"]
[Black "Nielsen, Thomas (1994)"]
[Result "1-0"]
[WhiteElo "1905"]
[BlackElo "1453"]
[PlyCount "37"]
[EventDate "2012.??.??"]
[EventCountry "DEN"]

1. e4 e5 2. Nf3 Nc6 3. Bb5 Nd4 4. Bc4 b5 5. Nxd4 bxc4 6. Nf3 d5 7. exd5 Bb7 8.
Qe2 f6 9. Qxc4 Bxd5 10. Qa4+ c6 11. Nc3 Ne7 12. Nxd5 Nxd5 13. Qxc6+ Kf7 14. O-O
Rc8 15. Qa4 Qb6 16. c3 Be7 17. Qh4 Nf4 18. d4 f5 19. Nxe5+ 1-0

[Event "Bronshoj Lang Weekend 2012"]
[Site "Bronshoj"]
[Date "2012.02.12"]
[Round "4"]
[White "Rydstrom, Tom"]
[Black "Haubro, Martin"]
[Result "1-0"]
[WhiteElo "1951"]
[BlackElo "2072"]
[PlyCount "103"]
[EventDate "2012.??.??"]
[EventCountry "DEN"]

1. e4 c6 2. d4 d5 3. Nc3 dxe4 4. Nxe4 Nd7 5. Nf3 Ngf6 6. Ng3 e6 7. Bd3 c5 8. c3
Bd6 9. O-O O-O 10. Re1 Qc7 11. Qc2 h6 12. b3 b6 13. Ne4 Nxe4 14. Bxe4 Rb8 15.
h3 Nf6 16. Bd3 Bb7 17. dxc5 bxc5 18. Nd2 Nd5 19. Nc4 Be7 20. Bd2 Rbd8 21. Rad1
Bf6 22. Nb2 Rd7 23. c4 Ne7 24. Be3 Rfd8 25. Na4 Bd4 26. Nc3 a6 27. Bxd4 cxd4
28. Ne4 Ng6 29. g3 Qc6 30. f3 Ne5 31. Qe2 f5 32. Nd2 Nxd3 33. Qxd3 Qd6 34. Kf2
h5 35. Qe2 Re7 36. Qe5 Qc6 37. Qf4 Bc8 38. Qg5 Qd6 39. Qxh5 e5 40. c5 Qf6 41.
Nc4 Rd5 42. b4 Be6 43. f4 e4 44. Ne5 Rxe5 45. fxe5 Qxe5 46. Qh4 Re8 47. Qf4 Qd5
48. Qd6 e3+ 49. Kg1 Qf3 50. Qf4 Qxf4 51. gxf4 Rd8 52. Rxe3 1-0

[Event "Bronshoj Lang Weekend 2012"]
[Site "Bronshoj"]
[Date "2012.02.12"]
[Round "4"]
[White "Tandrup, Michael"]
[Black "Nielsen, Klaus"]
[Result "0-1"]
[WhiteElo "1914"]
[BlackElo "2038"]
[PlyCount "114"]
[EventDate "2012.??.??"]
[EventCountry "DEN"]

1. d4 d5 2. Nf3 Nf6 3. c4 e6 4. g3 c6 5. Qc2 Be7 6. Bg2 O-O 7. O-O Ne4 8. Nbd2
f5 9. Ne5 Nd7 10. Nxd7 Bxd7 11. Nxe4 fxe4 12. f3 c5 13. cxd5 exd5 14. dxc5 Rc8
15. Be3 exf3 16. exf3 Bf5 17. Qc3 b6 18. b4 a5 19. a3 Qd7 20. Rad1 axb4 21.
axb4 bxc5 22. bxc5 Qc6 23. Rc1 Rc7 24. Rfd1 Rd8 25. Qe5 Be6 26. Kh1 Bf6 27. Qf4
d4 28. Bxd4 Rcd7 29. Re1 Rxd4 30. Qe3 Bf7 31. Qa3 h6 32. Qa5 Rd2 33. Rb1 Qc8
34. Rbc1 Be6 35. Bf1 Bh3 36. Bc4+ Kh8 37. Re8+ Rxe8 38. Qxd2 Bf5 39. Bf7 Re7
40. Bd5 Bg5 41. f4 Bf6 42. Qg2 Qe8 43. h3 Re2 44. Qf3 Bxh3 45. c6 Bc8 46. g4
Re3 47. Qg2 Bd8 48. Rc2 Bc7 49. Rf2 Qe7 50. g5 Rh3+ 51. Kg1 Qe1+ 52. Qf1 Qe3
53. Bg2 Rg3 54. Kh2 Rg4 55. Rf3 Rh4+ 56. Kg3 Rg4+ 57. Kh3 Rxf4+ 0-1

[Event "Bronshoj Lang Weekend 2012"]
[Site "Bronshoj"]
[Date "2012.02.12"]
[Round "4"]
[White "Zachariassen, Bjarne"]
[Black "Reinecker, Kai"]
[Result "1-0"]
[WhiteElo "1948"]
[BlackElo "2261"]
[PlyCount "71"]
[EventDate "2012.??.??"]
[EventCountry "DEN"]

1. e4 e5 2. d4 exd4 3. Nf3 Nc6 4. Nxd4 Nf6 5. Nxc6 bxc6 6. Nd2 d5 7. exd5 cxd5
8. Bb5+ Bd7 9. Bxd7+ Qxd7 10. O-O Be7 11. c4 O-O 12. cxd5 Qxd5 13. Nf3 Qb5 14.
b3 Rfd8 15. Qc2 Nd5 16. Bb2 c5 17. Rfe1 Nb4 18. Qf5 Qd7 19. Qe4 Bf8 20. a3 Re8
21. Ne5 Qd2 22. Re2 Qd5 23. axb4 Qxe4 24. Rxe4 f6 25. bxc5 fxe5 26. b4 a5 27.
Rxa5 Rxa5 28. bxa5 Rb8 29. Re2 Bxc5 30. g3 Bb4 31. Bxe5 Ra8 32. Bc7 Rc8 33. Bb6
Rc1+ 34. Kg2 Ra1 35. Re8+ Kf7 36. Ra8 1-0

[Event "Bronshoj Lang Weekend 2012"]
[Site "Bronshoj"]
[Date "2012.02.12"]
[Round "5"]
[White "Ananthan, Arunn"]
[Black "Hansen, Rasmus Agertoft"]
[Result "0-1"]
[WhiteElo "1586"]
[BlackElo "1818"]
[PlyCount "52"]
[EventDate "2012.??.??"]
[EventCountry "DEN"]

1. e4 Nf6 2. Nc3 d6 3. d4 g6 4. Bg5 Bg7 5. e5 Nfd7 6. Nf3 O-O 7. exd6 cxd6 8.
Be2 Nc6 9. Qd2 Nf6 10. O-O-O Bf5 11. h4 h5 12. Bh6 Bxh6 13. Qxh6 Ng4 14. Qg5 f6
15. Qf4 Qa5 16. Nd2 Nb4 17. a3 Nxc2 18. Bxg4 hxg4 19. h5 Rac8 20. Nb3 Qb6 21.
Qh6 g5 22. Na5 Qxa5 23. f4 Rxc3 24. Kd2 Re3+ 25. Kc1 Nxa3 26. Rd2 Nc4 0-1

[Event "Bronshoj Lang Weekend 2012"]
[Site "Bronshoj"]
[Date "2012.02.12"]
[Round "5"]
[White "Bromann, Thorbjorn"]
[Black "Mikkelsen, Nikolaj"]
[Result "1/2-1/2"]
[WhiteElo "2370"]
[BlackElo "2402"]
[PlyCount "145"]
[EventDate "2012.??.??"]
[EventCountry "DEN"]

1. b3 e5 2. Bb2 Nc6 3. e3 Nf6 4. Bb5 Bd6 5. Na3 a6 6. Bxc6 dxc6 7. Nc4 Qe7 8.
Ne2 Bg4 9. f3 Bd7 10. O-O O-O-O 11. Nc1 e4 12. Nxd6+ Qxd6 13. fxe4 Ng4 14. e5
Nxe5 15. Bxe5 Qxe5 16. Nd3 Qe7 17. Qf3 f6 18. b4 Kb8 19. a3 h5 20. Rf2 Rh6 21.
Nc5 Bg4 22. Qe4 Qd6 23. a4 Rhh8 24. Rb1 Rhe8 25. Qg6 Qe5 26. Qxg7 Bf5 27. Re1
b6 28. Ref1 bxc5 29. Rxf5 Qe4 30. R5f4 Qxc2 31. bxc5 Rxd2 32. Kh1 a5 33. Rxf6
Red8 34. Rxc6 R2d7 35. Qg3 Rf7 36. Rg1 Kb7 37. Qg6 Rf5 38. e4 Qxe4 39. Re6 Qd3
40. Ree1 Rxc5 41. Rb1+ Ka7 42. Qf6 Qd5 43. Qf2 Ka8 44. Rbd1 Qxd1 45. Qxc5 Qxa4
46. Qxh5 Rd6 47. Qf3+ Qc6 48. Ra1 Qxf3 49. Rxa5+ Kb7 50. gxf3 Rd2 51. h4 Kb6
52. Rg5 c5 53. h5 Rd4 54. Rg2 c4 55. h6 Rd1+ 56. Kh2 Rd6 57. Rf2 Rxh6+ 58. Kg3
Kc5 59. Kg4 Kd4 60. Kg5 Rh1 61. f4 Rg1+ 62. Kf6 c3 63. f5 Kd3 64. Ra2 c2 65.
Rxc2 Kxc2 66. Ke7 Re1+ 67. Kd6 Rf1 68. Ke6 Kd3 69. f6 Re1+ 70. Kd7 Rf1 71. Ke7
Kd4 72. f7 Rxf7+ 73. Kxf7 1/2-1/2